একত্তরের মহান মুক্তিযুদ্ধ : (Record no. 12101)
[ view plain ]
| 000 -LEADER | |
|---|---|
| fixed length control field | 00891nam a2200217 a 4500 |
| 001 - CONTROL NUMBER | |
| JCCL Control Number | 12101 |
| 003 - CONTROL NUMBER IDENTIFIER | |
| JCCL marc code | BD-JhCC |
| 005 - DATE AND TIME OF LATEST TRANSACTION | |
| control field | 20240116101827.0 |
| 008 - FIXED-LENGTH DATA ELEMENTS--GENERAL INFORMATION | |
| fixed length control field | 210315s2010 bg |||| |||| 000 0 ben d |
| 020 ## - INTERNATIONAL STANDARD BOOK NUMBER | |
| International Standard Book Number | 9847030100147 |
| 035 ## - SYSTEM CONTROL NUMBER | |
| system control number | (BD-JhCC)12101 |
| 040 ## - CATALOGING SOURCE | |
| Original cataloging agency | BD-JhCC |
| Modifying agency | BD-JhCC |
| 041 ## - LANGUAGE CODE | |
| Language code of Book | ben |
| 082 ## - DEWEY DECIMAL CLASSIFICATION NUMBER | |
| Classification number | 954.9205 |
| Author mark and Year | ALI 2010 |
| 100 ## - MAIN ENTRY--PERSONAL NAME | |
| Personal name | আলী, কে এম হেকমত |
| 245 ## - TITLE STATEMENT | |
| Title | একত্তরের মহান মুক্তিযুদ্ধ : |
| Remainder of title | ২৫ শে মার্চ কালো রাত থেকে ১৬ই ডিসেম্বর / |
| Statement of responsibility, etc | কে এম হেকমত আলী |
| 260 ## - PUBLICATION, DISTRIBUTION, ETC. (IMPRINT) | |
| Place of publication, distribution, etc | ঢাকা : |
| Name of publisher, distributor, etc | ঐশী পাবলিকেশন্স, |
| Date of publication, distribution, etc | ২০১০. |
| 300 ## - PHYSICAL DESCRIPTION | |
| Pagination | ৪১৫ পৃ. : |
| Dimensions | ২১ সেমি. |
| 650 ## - SUBJECT ADDED ENTRY--TOPICAL TERM | |
| Topical term or geographic name as entry element | মুক্তিযুদ্ধের ইতিহাস |
| Geographic subdivision | বাংলাদেশ |
| 942 ## - ADDED ENTRY ELEMENTS (KOHA) | |
| Source of classification or shelving scheme | Dewey Decimal Classification |
| Koha item type | Books |
| Source of classification or shelving scheme | Damaged status | Not for loan | Home library | Current library | Shelving location | Date of accession | Cost, normal purchase price | Total Checkouts | Full call number | Barcode | Date last seen | Date checked out | Copy number | Koha item type |
|---|---|---|---|---|---|---|---|---|---|---|---|---|---|---|
| Dewey Decimal Classification | JCC Rouf Library | JCC Rouf Library | General Stacks | 03/15/2021 | 299.00 | 1 | 954.9205 ALI 2010 | 16396 | 11/16/2023 | 11/16/2023 | C-1 | Books |